[Event "Speed Chess"]
[Site "Chess.com INT"]
[Date "2021.12.02"]
[Round "2.15"]
[White "Nakamura, Hikaru"]
[Black "Giri, Anish"]
[Result "1-0"]
[WhiteElo "2736"]
[BlackElo "2774"]
[PlyCount "89"]
[EventDate "2021.11.08"]
[EventType "k.o. (blitz)"]
[EventRounds "4"]
[EventCountry "USA"]
[SourceTitle "EXT 2023"]
[Source "ChessBase"]
[SourceDate "2022.10.05"]
[SourceVersion "1"]
[SourceVersionDate "2022.10.05"]
[SourceQuality "1"]

1. Nf3 d5 2. b3 Bf5 3. Bb2 e6 4. g3 Nf6 5. d3 h6 6. Ne5 Be7 7. Bg2 O-O 8. Nd2 Bh7 9. O-O a5 10. a3 Nbd7 $146 ({RR} 10... c5 11. e4 Nc6 12. Nxc6 bxc6 13. a4 Nd7 14. Re1 Rb8 15. c4 Bf6 16. e5 Be7 17. Bf1 f6 18. Nf3 fxe5 19. Nxe5 Nxe5 20. Bxe5 Bd6 21. Ra2 Bxe5 22. Rxe5 Bf5 23. h3 Rf7 24. Rd2 Qf6 25. f4 {Nakamura,H (2750)-Xiong,J (2686) Chess.com INT 2022 1-0 (44)}) 11. Nxd7 Qxd7 12. e4 Rfd8 13. e5 Ne8 14. a4 c6 15. Qe2 Nc7 16. h4 Na6 17. Rfd1 Nb4 18. Nf1 c5 19. Ne3 Kh8 20. c4 dxc4 21. dxc4 Qc7 22. Qf3 Kg8 23. Bc3 Nc6 24. Ng4 Nd4 25. Bxd4 Rxd4 26. Rxd4 cxd4 27. Bf1 Qc6 28. Qd1 Be4 29. Bd3 Bf3 30. Be2 Bxg4 31. Bxg4 Qc5 32. Qe2 d3 33. Qxd3 Qxe5 34. Rd1 Rd8 35. Qc2 Rxd1+ 36. Qxd1 g6 37. h5 g5 38. Kg2 b6 39. Qe2 Qd4 40. Bf3 Bc5 41. Bc6 g4 42. Be4 Kf8 43. Bc6 f5 44. Bb7 e5 45. Bc8 1-0

[Event "Speed Chess"]
[Site "Chess.com INT"]
[Date "2021.12.06"]
[Round "2.19"]
[White "Nakamura, Hikaru"]
[Black "Giri, Anish"]
[Result "1-0"]
[WhiteElo "2736"]
[BlackElo "2774"]
[PlyCount "79"]
[EventDate "2021.11.08"]
[EventType "k.o. (blitz)"]
[EventRounds "4"]
[EventCountry "USA"]
[SourceTitle "EXT 2023"]
[Source "ChessBase"]
[SourceDate "2022.10.05"]
[SourceVersion "1"]
[SourceVersionDate "2022.10.05"]
[SourceQuality "1"]

1. Nf3 d5 2. g3 c5 3. b3 Nc6 4. Bb2 f6 5. d4 cxd4 6. Nxd4 e5 7. Nxc6 bxc6 8. Bg2 Bc5 $146 ({RR} 8... Be6 9. O-O Bc5 10. Nd2 Ne7 11. c4 O-O 12. Qc1 Rc8 13. Rd1 Qb6 14. e3 Rfd8 15. Ba3 a5 16. Rb1 Bf5 17. Bxc5 Qxc5 18. Rb2 Qb4 19. c5 Rb8 20. Bf1 a4 21. Nb1 a3 22. Rbd2 Bxb1 23. Qxb1 {Milovanovic,A (2255)-Hulmes,D (2255) England 2011 0-1 (59)}) 9. c4 Ne7 10. O-O O-O 11. Nc3 Be6 12. cxd5 cxd5 13. Rc1 Rc8 14. Qd2 Bb4 15. a3 Bxc3 16. Bxc3 d4 17. Bb4 Rxc1 18. Rxc1 Bxb3 19. Qd3 Be6 20. Qa6 Qd7 21. Bc6 Nxc6 22. Bxf8 Bd5 23. Bc5 h5 24. Qb5 Qe6 25. Bb4 Kh7 26. Rc5 Ne7 27. Rc7 Nf5 28. Qd7 Qxd7 29. Rxd7 Bc4 30. e4 dxe3 31. fxe3 a6 32. Kf2 e4 33. Rc7 Bd3 34. h3 Kg6 35. g4 hxg4 36. hxg4 Nh6 37. Kg3 f5 38. Rc6+ Kh7 39. g5 Ng8 40. Kf4 1-0

[Event "Speed Chess"]
[Site "Chess.com INT"]
[Date "2021.12.13"]
[Round "3.12"]
[White "Nihal, Sarin"]
[Black "So, Wesley"]
[Result "1-0"]
[WhiteElo "2650"]
[BlackElo "2772"]
[PlyCount "39"]
[EventDate "2021.11.08"]
[EventType "k.o. (blitz)"]
[EventRounds "4"]
[EventCountry "USA"]
[SourceTitle "EXT 2023"]
[Source "ChessBase"]
[SourceDate "2022.10.05"]
[SourceVersion "1"]
[SourceVersionDate "2022.10.05"]
[SourceQuality "1"]

1. Nf3 d5 2. g3 c5 3. Bg2 Nf6 4. O-O g6 5. Nc3 Bg7 6. d4 cxd4 7. Qxd4 Nc6 8. Qa4 O-O 9. Rd1 a6 $146 ({RR} 9... Bf5 10. Ne1 Qb6 11. Nxd5 Nxd5 12. Bxd5 Rad8 13. c3 Bd4 14. Bxf7+ Kxf7 15. cxd4 Rxd4 16. Rxd4 Nxd4 17. Nf3 Nxe2+ 18. Kg2 Nxc1 19. Rxc1 Qxb2 20. Rc7 Qf6 21. Rxb7 Kg8 22. Rxa7 Bd7 23. Qb3+ Be6 24. Qb7 {Mamedyarov,S (2733)-Vidit,S (2720) Budapest HUN 2024 ½-½ (83)}) ({RR} 9... Bf5 10. Ne1 Qb6 11. Nxd5 Nxd5 12. Rxd5 Rfd8 13. c3 Rxd5 14. Bxd5 Rd8 15. Qb3 Qxb3 16. Bxb3 Na5 17. Bg5 Nxb3 18. axb3 a6 19. f3 h6 20. Be3 g5 21. Nd3 Rd6 22. Nc5 Bc8 23. Kf2 f5 24. f4 {Nihal,S (2687)-Talibov,S (2423) chess.com INT 2025 ½-½ (111)}) 10. Qh4 Qb6 11. Nxd5 Nxd5 12. Rxd5 Nb4 13. Be3 Qxe3 14. Ng5 h6 15. fxe3 Nxd5 16. Bxd5 hxg5 17. Qxg5 e6 18. Be4 Bxb2 19. Rd1 Bg7 20. h4 1-0

[Event "Speed Chess"]
[Site "Chess.com INT"]
[Date "2021.12.16"]
[Round "3.17"]
[White "Nakamura, Hikaru"]
[Black "Ding, Liren"]
[Result "1-0"]
[WhiteElo "2736"]
[BlackElo "2799"]
[PlyCount "87"]
[EventDate "2021.11.08"]
[EventType "k.o. (blitz)"]
[EventRounds "4"]
[EventCountry "USA"]
[SourceTitle "EXT 2023"]
[Source "ChessBase"]
[SourceDate "2022.10.05"]
[SourceVersion "1"]
[SourceVersionDate "2022.10.05"]
[SourceQuality "1"]

1. Nf3 d5 2. g3 Nf6 3. Bg2 c5 4. b3 Nc6 5. Bb2 Qc7 6. d4 cxd4 7. Nxd4 e5 8. Nxc6 bxc6 9. O-O Bc5 $146 ({RR} 9... h5 10. Nd2 h4 11. e4 hxg3 12. hxg3 Bg4 13. Qe1 d4 14. Nc4 Nd7 15. Qa5 Qb8 16. Ba3 Be2 17. Bxf8 Bxc4 18. Bxg7 Bxf1 19. Bxh8 Bxg2 20. Kxg2 Ke7 21. Rh1 Qd6 22. Bg7 Qg6 23. Bh6 Qxe4+ 24. Kg1 {Ider,B (2465)-Gonzalez de la Torre,S (2459) Elgoibar 2016 0-1 (61)}) ({RR} 9... Be7 10. e3 O-O 11. Nd2 Bg4 12. Qc1 Rad8 13. Re1 Rfe8 14. Ba3 c5 15. e4 d4 16. c3 d3 17. f3 Be6 18. c4 h5 19. h4 Nh7 20. Qc3 g5 21. hxg5 Bxg5 22. Rad1 h4 23. Nf1 hxg3 24. Rxd3 {Nakamura,H (2736)-Ding,L (2799) Chess.com INT 2021 0-1 (33)}) 10. c4 d4 11. Nd2 O-O 12. Qc2 a5 13. Kh1 Rb8 14. Rae1 Bb4 15. c5 Ba6 16. h3 Rfd8 17. Rg1 h6 18. Qc1 a4 19. Ba3 Bc3 20. b4 Nd5 21. Ne4 Bxe1 22. Rxe1 Nxb4 23. Qd2 Nd5 24. Nd6 Nc3 25. Bb2 Qa5 26. Ba3 Qc7 27. Bb2 Nb5 28. Nf5 Bc8 29. g4 Bxf5 30. gxf5 a3 31. Bc1 Nc3 32. f6 e4 33. fxg7 e3 34. fxe3 Qe5 35. exd4 Qxd4 36. Qxh6 Qxg7 37. Qf4 Rb1 38. Kh2 Nxa2 39. Qh4 Re8 40. Bh6 Qe5+ 41. Bf4 Qf5 42. e4 Rxe1 43. exf5 Nb4 44. f6 1-0

[Event "Speed Chess"]
[Site "Chess.com INT"]
[Date "2021.12.17"]
[Round "3.32"]
[White "Nakamura, Hikaru"]
[Black "Ding, Liren"]
[Result "1-0"]
[WhiteElo "2736"]
[BlackElo "2799"]
[PlyCount "117"]
[EventDate "2021.11.08"]
[EventType "k.o. (blitz)"]
[EventRounds "4"]
[EventCountry "USA"]
[SourceTitle "EXT 2023"]
[Source "ChessBase"]
[SourceDate "2022.10.05"]
[SourceVersion "1"]
[SourceVersionDate "2022.10.05"]
[SourceQuality "1"]

1. b3 d5 2. Bb2 Bf5 3. Nf3 e6 4. g3 h6 5. Bg2 Nf6 6. d3 Be7 7. Nbd2 O-O 8. O-O Bh7 9. Ne5 c6 10. e4 Nbd7 11. Nxd7 Nxd7 12. Qe2 Bf6 13. e5 Be7 14. Rfd1 $146 ({RR} 14. f4 Qb6+ 15. Kh1 Rae8 16. Bh3 c5 17. g4 f6 18. exf6 Bxf6 19. Bxf6 gxf6 20. Rae1 f5 21. Rg1 Kh8 22. gxf5 Bxf5 23. Bxf5 Rxf5 24. Qg4 {1-0 (24) Hernando Pertierra,J (2379)-Balsinde Montemayor,P (1849) Madrid 2014}) 14... a5 15. a4 b5 16. Nf1 Qb6 17. Ne3 bxa4 18. Rxa4 Rfb8 19. Rda1 Nc5 20. R4a2 Qd8 21. Bc1 Nd7 22. Nd1 Bb4 23. f4 Qb6+ 24. Be3 Qd8 25. Bf2 Nf8 26. Nb2 Nd7 27. Na4 Qf8 28. Qe3 Qd8 29. h3 Bf8 30. Qe2 Be7 31. Kh2 Bf8 32. Rd1 Be7 33. Rc1 Bf8 34. Rca1 Be7 35. Be1 Bf8 36. Nb2 Bb4 37. Nd1 Bxe1 38. Qxe1 Rb5 39. Nc3 Rb6 40. Ne2 Rba6 41. b4 a4 42. Ra3 Qb6 43. c4 R6a7 44. c5 Qb7 45. Nd4 Rb8 46. Qc3 Rba8 47. Bf3 Nb8 48. Bd1 Na6 49. Rxa4 Nc7 50. Rxa7 Rxa7 51. Ba4 Ra6 52. Bc2 Qa7 53. Nxc6 Qa8 54. Rxa6 Qxa6 55. Nd4 Qa2 56. b5 Qa8 57. b6 Na6 58. c6 Qb8 59. c7 1-0

[Event "EU-chT 23rd"]
[Site "Terme Catez"]
[Date "2021.11.13"]
[Round "2.3"]
[White "Bacrot, Etienne"]
[Black "Bosiocic, Marin"]
[Result "1-0"]
[WhiteElo "2647"]
[BlackElo "2545"]
[PlyCount "119"]
[EventDate "2021.11.12"]
[EventType "team-swiss"]
[EventRounds "9"]
[EventCountry "SLO"]
[SourceTitle "CBM 205"]
[Source "ChessBase"]
[SourceDate "2021.11.30"]
[SourceVersion "1"]
[SourceVersionDate "2021.11.30"]
[SourceQuality "1"]
[WhiteTeam "France"]
[BlackTeam "Croatia"]
[WhiteTeamCountry "FRA"]
[BlackTeamCountry "CRO"]

1. Nf3 d5 2. g3 Bg4 3. Bg2 c6 4. h3 Bh5 5. c4 e6 6. O-O Nf6 7. d3 Be7 8. Qb3 Qb6 9. Be3 Qxb3 10. axb3 Bxf3 $146 ({RR} 10... a6 11. g4 Bg6 12. Ne5 Nbd7 13. Nxg6 hxg6 14. Nc3 O-O 15. Rac1 Rfc8 16. d4 b5 17. Rc2 Nb6 18. cxd5 cxd5 19. Rfc1 Nfd7 20. Bd2 f5 21. Nxd5 exd5 22. Bxd5+ Kf8 23. Bxa8 Rxa8 24. Rc7 Nf6 25. Rb7 {Meier,G (2630)-Karjakin,S (2783) Chess.com INT 2017 0-1 (48)}) 11. Bxf3 Na6 12. Nc3 O-O 13. cxd5 exd5 14. d4 Nc7 15. Bd2 Ne6 16. e3 Ng5 17. Bg2 h5 18. f3 Ne6 19. Ne2 Rfd8 20. Kf2 Ne8 21. Nc1 c5 22. dxc5 Nxc5 23. b4 Ne6 24. Rd1 f5 25. Nb3 Nf6 26. Bc3 h4 27. gxh4 f4 28. e4 Rac8 29. Nd4 Nxd4 30. Rxd4 a6 31. Kg1 Kf7 32. Rad1 Ke6 33. h5 dxe4 34. fxe4 Rxd4 35. Rxd4 Rd8 36. Rxd8 Bxd8 37. Bf3 Bc7 38. Bg4+ Kf7 39. Bf3 Ke6 40. Bg4+ Kf7 41. e5 Nd5 42. e6+ Kf8 43. Bd4 Bb6 44. Bxb6 Nxb6 45. Bf3 Ke7 46. Bxb7 Kxe6 47. Bxa6 Kd6 48. Kf2 Nd5 49. b5 Nf6 50. h6 gxh6 51. Kf3 Nd5 52. Bb7 Nb4 53. Kxf4 Nd3+ 54. Kf5 Nxb2 55. Kg6 Ke7 56. Kxh6 Kf6 57. Bd5 Na4 58. h4 Nb6 59. Bb3 Nd7 60. h5 1-0

[Event "EU-chT 23rd"]
[Site "Terme Catez"]
[Date "2021.11.20"]
[Round "8.4"]
[White "Sanal, Vahap"]
[Black "Lodici, Lorenzo"]
[Result "1-0"]
[WhiteElo "2590"]
[BlackElo "2529"]
[PlyCount "97"]
[EventDate "2021.11.12"]
[EventType "team-swiss"]
[EventRounds "9"]
[EventCountry "SLO"]
[SourceTitle "CBM 205"]
[Source "ChessBase"]
[SourceDate "2021.11.30"]
[SourceVersion "1"]
[SourceVersionDate "2021.11.30"]
[SourceQuality "1"]
[WhiteTeam "Turkey"]
[BlackTeam "Italy"]
[WhiteTeamCountry "TUR"]
[BlackTeamCountry "ITA"]

1. Nf3 d5 2. b3 Bg4 3. Bb2 e6 4. g3 ({RR} 4. e3 Nd7 5. h3 Bh5 6. d3 c6 7. Nbd2 Bg6 8. g3 h6 9. Bg2 Ngf6 10. O-O Bc5 11. Qe2 Qc7 12. a3 O-O 13. b4 Be7 14. e4 a5 15. e5 Ne8 16. Bc3 Nb6 17. Nb3 a4 18. Nbd4 Qd7 {Fedorovsky,M (2397)-Kazakouski,V (2563) Karlsruhe GER 2025 0-1 (47)}) 4... a5 $146 ({RR} 4... Nd7 5. Bg2 Ngf6 6. d4 Be7 7. O-O O-O 8. c4 b6 9. Ne5 Nxe5 10. dxe5 Ne8 11. cxd5 exd5 12. Bxd5 Rc8 13. Nc3 c6 14. Bg2 Qxd1 15. Rfxd1 Bb4 16. Rd2 c5 17. h3 Bh5 18. g4 Bg6 19. Rd7 {Lange,K (2164)-Bietz,F Willingen 1999 1-0}) ({RR} 4... Nd7 5. Bg2 Ngf6 6. d3 Bd6 7. h3 Bh5 8. g4 Bg6 9. Nh4 c6 10. e3 a5 11. a3 e5 12. Nd2 O-O 13. O-O Qc7 14. Nxg6 hxg6 15. c4 Rfe8 16. cxd5 Nxd5 17. Rc1 Qd8 18. Qf3 Qe7 19. Nc4 {Nakamura,H (2777)-Caruana,F (2822) Saint Louis 2018 ½-½}) 5. Bg2 a4 6. O-O Nf6 7. c4 c6 8. bxa4 Nbd7 9. cxd5 exd5 10. d3 Be7 11. Bc3 O-O 12. Nbd2 Ne8 13. a5 Nd6 14. Nb3 Bf6 15. Qd2 Re8 16. Rfe1 c5 17. Bxf6 Qxf6 18. Rac1 c4 19. Nbd4 Nc5 20. Qb4 Rac8 21. Nb5 Nxb5 22. Qxb5 c3 23. h3 Bxf3 24. Bxf3 Red8 25. Bg2 Qd4 26. Rc2 Qf6 27. h4 g6 28. Rb1 Rc7 29. Rb4 Na6 30. Rf4 Qe5 31. d4 Qd6 32. Qb3 Qb4 33. Bxd5 Rxd5 34. Qxd5 Qb1+ 35. Kg2 Qxc2 36. Qd8+ Kg7 37. d5 f5 38. d6 Rf7 39. Qe8 Qxa2 40. Rd4 Qxa5 41. d7 c2 42. d8=Q Qxd8 43. Rxd8 c1=Q 44. Qg8+ Kf6 45. Rd6+ Ke5 46. Qd8 Nc7 47. f4+ Ke4 48. Re6+ Nxe6 49. Qd3# 1-0

[Event "Titled Tuesday intern op 16th Nov"]
[Site "Chess.com INT"]
[Date "2021.11.16"]
[Round "7"]
[White "Sviridov, Valery"]
[Black "Sarana, Alexey"]
[Result "1-0"]
[WhiteElo "2562"]
[BlackElo "2656"]
[PlyCount "87"]
[EventDate "2021.11.16"]
[EventType "swiss (blitz)"]
[EventRounds "11"]
[EventCountry "USA"]
[SourceTitle "CBM 205 Extra"]
[Source "ChessBase"]
[SourceDate "2022.01.31"]
[SourceVersion "1"]
[SourceVersionDate "2022.01.31"]
[SourceQuality "1"]

1. Nf3 g6 2. g3 Bg7 3. Bg2 e5 4. O-O Ne7 5. c4 c6 6. Nc3 d5 7. d3 O-O 8. Bg5 ({RR} 8. Qb3 h6 9. Bd2 Kh7 10. Rfd1 d4 11. Na4 Nd7 12. e3 dxe3 13. Bxe3 Nf5 14. Bd2 Nd4 15. Nxd4 exd4 16. Re1 Ne5 17. Bf4 Re8 18. Bxe5 Rxe5 19. Rxe5 Bxe5 20. Re1 Bg7 21. Qb4 Bf8 22. Qd2 Bf5 {Nakamura,H (2788)-Goryachkina,A (2553) chess.com INT 2024 1-0 (49)}) 8... d4 9. Na4 b6 $146 ({RR} 9... Na6 10. b3 h6 11. Bd2 Rb8 12. b4 b6 13. Nb2 c5 14. b5 Nc7 15. a4 Bb7 16. a5 Nc8 17. Qc1 Kh7 18. e3 dxe3 19. fxe3 Nd6 20. Bc3 Qe7 21. e4 f5 22. exf5 gxf5 23. axb6 axb6 24. Ra7 {Horak,M (2324)-Kulhanek,T (2317) Czech Republic 2017 1-0 (34)}) 10. b4 Be6 11. Rb1 Nd7 12. Bd2 Rc8 13. Ng5 Bf5 14. Ne4 Nf6 15. Nxf6+ Bxf6 16. b5 c5 17. Nb2 h5 18. a4 h4 19. a5 h3 20. Bh1 Be6 21. Ra1 Nf5 22. axb6 axb6 23. Ra6 Rb8 24. Na4 Qc7 25. e4 dxe3 26. fxe3 Bg5 27. Qe2 Rfd8 28. Nc3 Qd6 29. Nd5 Kg7 30. Be4 Ne7 31. Nxe7 Bxe7 32. Bc3 f5 33. Bc6 Bf6 34. Ra7+ Kg8 35. Rd1 Bxc4 36. e4 Bb3 37. Rd2 Rbc8 38. exf5 Rxc6 39. bxc6 Qxc6 40. fxg6 e4 41. Qh5 Rd7 42. Rxd7 Qxd7 43. Bxf6 e3 44. Qh8# 1-0

[Event "Tata Steel India Blitz"]
[Site "Kolkata"]
[Date "2021.11.21"]
[Round "12"]
[White "Sadhwani, Raunak"]
[Black "Harika, Dronavalli"]
[Result "1-0"]
[WhiteElo "2609"]
[BlackElo "2511"]
[PlyCount "88"]
[EventDate "2021.11.20"]
[EventType "tourn (blitz)"]
[EventRounds "18"]
[EventCountry "IND"]
[SourceTitle "CBM 205 Extra"]
[Source "ChessBase"]
[SourceDate "2022.01.31"]
[SourceVersion "1"]
[SourceVersionDate "2022.01.31"]
[SourceQuality "1"]

1. b3 Nf6 2. Bb2 g6 3. Nf3 Bg7 4. g3 O-O 5. Bg2 d5 6. c4 Nc6 7. d4 a5 8. O-O a4 9. Nbd2 a3 10. Bc3 Ne4 $146 ({RR} 10... Bf5 11. Rc1 Ne4 12. Nxe4 Bxe4 13. e3 e6 14. Qe2 Qe7 15. Rfd1 Rfd8 16. Bf1 h5 17. Bh3 g5 18. Nd2 Bg6 19. Bg2 g4 20. cxd5 exd5 21. Qb5 Qd6 22. Nb1 Bf8 23. Be1 Ra6 24. Nc3 Nb4 25. Qe2 {Ghasi,A (2471)-Erigaisi,A (2722) Almaty KAZ 2022 0-1 (40)}) 11. Nxe4 dxe4 12. Ne5 Nxe5 13. dxe5 Bf5 14. h3 h5 15. Kh2 c6 16. Qc1 Kh7 17. Rd1 Qc7 18. Qf4 Bh6 19. Qh4 e3 20. g4 Be6 21. gxh5 Bf5 22. fxe3 Rad8 23. Rg1 Rg8 24. Be4 Qc8 25. Raf1 Qe6 26. Rf3 Bxe4 27. Qxe4 Rg7 28. hxg6+ fxg6 29. Rgf1 b5 30. Bb4 bxc4 31. bxc4 Ra8 32. Bc3 Rd8 33. Bb4 Ra8 34. Bc5 Ra4 35. Bd4 Rxc4 36. Qd3 c5 37. Ba1 Rh4 38. Qxa3 Rh5 39. Qxc5 Qxa2 40. Qb5 Qe6 41. e4 Rh4 42. Qd5 Qc8 43. e6 Qb8+ 44. Be5 Qb7 1-0

[Event "Titled Tuesday intern op 23rd Nov"]
[Site "Chess.com INT"]
[Date "2021.11.23"]
[Round "10"]
[White "Nakamura, Hikaru"]
[Black "Vidit, Santosh Gujrathi"]
[Result "1-0"]
[WhiteElo "2736"]
[BlackElo "2727"]
[PlyCount "81"]
[EventDate "2021.11.23"]
[EventType "swiss (blitz)"]
[EventRounds "11"]
[EventCountry "USA"]
[SourceTitle "CBM 205 Extra"]
[Source "ChessBase"]
[SourceDate "2022.01.31"]
[SourceVersion "1"]
[SourceVersionDate "2022.01.31"]
[SourceQuality "1"]

1. Nf3 d5 2. e3 c5 3. b3 a6 4. Bb2 Nc6 5. d4 Nf6 6. Nbd2 Bf5 ({RR} 6... Bg4 7. h3 Bh5 8. Be2 e6 9. O-O Rc8 10. a3 cxd4 11. exd4 Be7 12. c4 dxc4 13. bxc4 O-O 14. Rc1 Qb6 15. Qb3 Qxb3 16. Nxb3 Rfd8 17. Rfd1 Nd7 18. d5 exd5 19. cxd5 Na7 20. Na5 Nc5 21. g4 {Caruana,F (2781)-Aronian,L (2785) Saint Louis 2022 ½-½ (40)}) ({RR} 6... Bg4 7. h3 Bxf3 8. Nxf3 e6 9. Bd3 b5 10. dxc5 Bxc5 11. O-O O-O 12. a3 Re8 13. b4 Bb6 14. Ne5 Nxe5 15. Bxe5 Nd7 16. Bb2 Bc7 17. a4 Rb8 18. axb5 axb5 19. Ra7 Bd6 20. Ra6 Qc7 21. Qe2 {Alvarado,C (2032)-Kubatko,I (2257) chess.com INT 2025 ½-½ (68)}) ({RR} 6... cxd4 7. Nxd4 Nxd4 8. Bxd4 Bg4 9. Be2 Bxe2 10. Qxe2 e6 11. O-O Bb4 12. c3 Ba5 13. e4 O-O 14. Rfd1 Rc8 15. Rac1 Bb6 16. e5 Nd7 17. Nf3 Qe7 18. h4 Rc7 19. Qe3 Bc5 20. c4 Ba3 21. Rb1 {Nakamura,H (2750)-Aronian,L (2785) Chess.com INT 2022 ½-½ (125)}) 7. dxc5 e6 $146 ({RR} 7... Qa5 8. a3 Qxc5 9. Bd3 Bg4 10. h3 Bh5 11. O-O e6 12. b4 Qd6 13. c4 Be7 14. Qc2 Rd8 15. Rad1 Qb8 16. cxd5 exd5 17. Bxa6 Rc8 18. Bb5 O-O 19. Qb3 Rfd8 20. Rc1 Bg6 21. Nd4 Nxd4 22. Bxd4 {Wagenknecht,U (2066)-Lebedev,D (2206) Germany 2003 1-0}) 8. Nd4 Bxc5 9. Nxf5 exf5 10. Bd3 g6 11. O-O O-O 12. a3 b5 13. b4 Bd6 14. a4 Nxb4 15. axb5 Ng4 16. Nf3 Qb8 17. Be2 axb5 18. Rxa8 Qxa8 19. h3 Nh6 20. Qd4 f6 21. Qh4 Kg7 22. Nd4 Qc8 23. Bxb5 Ng8 24. Ra1 Rf7 25. c3 Re7 26. cxb4 Re4 27. f4 Rxe3 28. Ra7+ Ne7 29. Nc6 Qe6 30. Nxe7 Bxe7 31. Ra6 Re1+ 32. Kh2 Qe3 33. Bxf6+ Kg8 34. Ra8+ Kf7 35. Qxh7+ Kxf6 36. Qh8+ Ke6 37. Qg8+ Kf6 38. Ra6+ Bd6 39. Rxd6+ Ke7 40. Rd7+ Kf6 41. Qf7# 1-0

[Event "Titled Tuesday intern op 23rd Nov"]
[Site "Chess.com INT"]
[Date "2021.11.23"]
[Round "10"]
[White "Sviridov, Valery"]
[Black "Bocharov, Dmitry"]
[Result "1-0"]
[WhiteElo "2562"]
[BlackElo "2517"]
[PlyCount "101"]
[EventDate "2021.11.23"]
[EventType "swiss (blitz)"]
[EventRounds "11"]
[EventCountry "USA"]
[SourceTitle "CBM 205 Extra"]
[Source "ChessBase"]
[SourceDate "2022.01.31"]
[SourceVersion "1"]
[SourceVersionDate "2022.01.31"]
[SourceQuality "1"]

1. Nf3 c5 2. g3 f6 $146 ({RR} 2... b5 3. a4 bxa4 4. Bg2 Bb7 5. d3 e6 6. O-O d6 7. Nc3 Be7 8. e4 Nd7 9. Qe2 Bf6 10. Nd2 Bxc3 11. bxc3 Ne7 12. Nc4 Nb6 13. Na5 Ba6 14. f4 O-O 15. f5 exf5 16. exf5 Ned5 17. f6 {Vaganian,R (2550)-Romanishin,O (2560) Yerevan 1976 1-0 (64)}) ({RR} 2... b5 3. a4 b4 4. e4 Nc6 5. Bg2 e5 6. O-O g6 7. d3 Bg7 8. Nbd2 Nge7 9. Nc4 d6 10. Nh4 O-O 11. f4 exf4 12. gxf4 d5 13. exd5 Nxd5 14. Nf3 Bg4 15. Qe1 Bxf3 16. Bxf3 Nd4 17. Qd1 {Zaragatski,I (2474)-Naiditsch,A (2707) Germany 2011 0-1 (40)}) ({RR} 2... b5 3. a4 b4 4. Bg2 Bb7 5. O-O Nf6 6. d3 g6 7. e4 Bg7 8. Nbd2 O-O 9. Nc4 Nc6 10. Be3 Ng4 11. Bxc5 d6 12. Be3 Nxe3 13. fxe3 Ba6 14. Nfd2 e6 15. Qf3 Rc8 16. Rac1 Ne5 17. Nxe5 {Aparicio Navarro,P (2169)-Gracia Suarez,J (2115) Aragon 2014 ½-½ (31)}) 3. c4 Nc6 4. Nc3 e5 5. Bg2 d6 6. O-O g6 7. Ne1 Bg7 8. Nc2 Nge7 9. Rb1 O-O 10. b4 Rb8 11. bxc5 dxc5 12. d3 Be6 13. Ne3 f5 14. Ned5 b6 15. Bd2 h6 16. Qa4 Nd4 17. Qxa7 Nxd5 18. cxd5 Rf7 19. Qa4 Bd7 20. Qd1 f4 21. e3 fxe3 22. fxe3 Nf5 23. Qe2 Kh7 24. Ne4 Rf8 25. h4 Be8 26. Kh2 Qe7 27. Rf2 Bf7 28. h5 Nd6 29. hxg6+ Bxg6 30. Rxf8 Bxf8 31. Nxd6 Qxd6 32. e4 Be7 33. a4 Rf8 34. Be3 Bg5 35. Bxg5 hxg5 36. Qg4 Kh6 37. Qh3+ Kg7 38. Qe6 Rf6 39. Qxd6 Rxd6 40. Bh3 Be8 41. Ra1 Rd8 42. a5 Ra8 43. d6 Bc6 44. d7 b5 45. Rc1 Rd8 46. Rxc5 Bxd7 47. Rd5 b4 48. Rxd7+ Rxd7 49. Bxd7 b3 50. Be6 b2 51. Ba2 1-0

[Event "Puhajarve Rapid op 21st"]
[Site "Puhajarve"]
[Date "2021.11.27"]
[Round "17"]
[White "Morozevich, Alexander"]
[Black "Fridman, Daniel"]
[Result "1-0"]
[WhiteElo "2659"]
[BlackElo "2626"]
[PlyCount "141"]
[EventDate "2021.11.26"]
[EventType "tourn (rapid)"]
[EventRounds "37"]
[EventCountry "EST"]
[SourceTitle "CBM 205 Extra"]
[Source "ChessBase"]
[SourceDate "2022.01.31"]
[SourceVersion "1"]
[SourceVersionDate "2022.01.31"]
[SourceQuality "1"]

1. Nf3 d5 2. g3 Nf6 3. Bg2 c5 4. O-O Nc6 5. c4 d4 6. d3 e6 7. e3 Bd6 8. Na3 O-O 9. exd4 cxd4 10. Nc2 e5 11. Bg5 $146 ({RR} 11. b4 a6 12. Re1 Re8 13. Bg5 Bf5 14. b5 axb5 15. cxb5 Na5 16. Nh4 Be6 17. Qf3 h6 18. Bxf6 Qxf6 19. Qxf6 gxf6 20. Reb1 Rac8 21. Nb4 Bxb4 22. Rxb4 Rc3 23. Be4 b6 24. Nf5 Bxf5 25. Bxf5 Re7 {Pasman,M (2368)-Flom,G (2510) Israel 2020 0-1 (63)}) 11... h6 12. Bxf6 Qxf6 13. Nd2 Qg6 14. Qe2 f5 15. f4 exf4 16. gxf4 Bd7 17. Kh1 Kh8 18. Qf2 Rad8 19. Rae1 Qh5 20. Bf3 Qh3 21. Qg3 Qxg3 22. hxg3 Nb4 23. Nxb4 Bxb4 24. Rf2 Rde8 25. Rxe8 Rxe8 26. Bxb7 Re3 27. Nf3 Rxd3 28. Ne5 Rd1+ 29. Kg2 Be6 30. Bf3 Ra1 31. Re2 Kh7 32. Bh5 g5 33. b3 Bd6 34. Nf3 Bd7 35. Nxd4 Rd1 36. Nb5 Bxb5 37. cxb5 gxf4 38. gxf4 Rd5 39. Re6 Bc5 40. a4 Rd2+ 41. Be2 Rb2 42. a5 Rxb3 43. Bc4 Rb4 44. Bd3 Rxf4 45. Re5 Bd4 46. Rd5 Kg6 47. Kg3 Kg5 48. b6 Bf2+ 49. Kg2 axb6 50. a6 b5 51. Rxb5 Bd4 52. Rd5 Ba7 53. Rd7 Bb6 54. Rb7 Bc5 55. Rb5 Be3 56. Ra5 Ba7 57. Rd5 Kg4 58. Be2+ Kh4 59. Bf3 Kg5 60. Rd7 Be3 61. Rg7+ Kf6 62. Rh7 Ra4 63. Be2 Ra2 64. Kf3 Ra3 65. Kg2 Ra2 66. Kf3 Ra3 67. Bc4 Kg6 68. Rd7 Bg5+ 69. Ke2 Ra4 70. Kd3 Ra5 71. Rb7 1-0